| 000 | 00483nam a2200109Ia 4500 | ||
|---|---|---|---|
| 008 | 171212s9999 xx 000 0 und d | ||
| 100 | _aButtorff, Christine;Nowak, Sarah A.;Syme, James;Eibner, Christine | ||
| 245 |
_cButtorff, Christine;Nowak, Sarah A.;Syme, James;Eibner, Christine _aPrivate Health Insurance Exchanges _bEarly Evidence and Implications for the Future |
||
| 260 |
_bRAND Corporation _c2016 |
||
| 650 | _aBusiness | ||
| 856 | _uhttp://jstor.org/stable/10.7249/j.ctt1d41d8v | ||
| 999 |
_c352432 _d352432 |
||